[Event "11th Mumbai Mayors Cup 2018"]
[Site "Mumbai"]
[Date "2018.06.05"]
[Round "4"]
[White "Sidhant, Mohapatra"]
[Black "Ansh M Shah"]
[Result "1-0"]
[WhiteElo "2370"]
[BlackElo "1786"]
[Annotator "TA"]
[PlyCount "77"]
[EventDate "2018.??.??"]
[EventType "swiss"]
[EventCountry "IND"]
[SourceTitle "playchess.com"]
[Source "ChessBase"]
[SourceQuality "1"]

{[%evp 16,77,38,37,29,39,34,37,47,45,45,35,90,47,49,28,60,38,43,24,24,25,17,16,12,7,15,10,15,10,30,19,32,19,33,26,28,29,42,18,18,12,8,0,34,23,25,27,120,124,108,123,124,107,455,449,29990,29991,29992,962,1037,935,6619,6528]} 1. Nf3 Nf6 2. b3 c5 3. Bb2 b6 4. g3 Bb7 5. Bg2 g6 6. O-O Bg7 7. c4 O-O 8. Nc3 Ne4 9. d4 {LiveBook: 6 Games. A30: Symmetrical English: Double Fianchetto and Hedgehog} cxd4 $146 ({Predecessor:} 9... Nxc3 10. Bxc3 d6 11. Rc1 cxd4 12. Nxd4 Bxg2 13. Kxg2 Qc8 14. Nb5 Nd7 15. Bxg7 Kxg7 16. Nc3 Nf6 {½-½ (35) Artemiev,V (2671)-Svidler,P (2739) Chita 2015}) 10. Nxe4 Bxe4 11. Bxd4 {White is slightly better.} Nc6 {[#] Strongly threatening ...Bxf3.} 12. Bxg7 Kxg7 13. Qd2 Bxf3 (13... Qc7 $14) 14. Bxf3 Qc7 15. c5 Rad8 16. cxb6 Qxb6 17. Rfd1 Ne5 18. Bg2 Rc8 19. Rac1 Rfd8 20. Rc3 Ng4 21. e3 Nf6 22. Rdc1 Qa5 23. Qb2 Rxc3 24. Rxc3 Rb8 25. h3 Rb6 26. a3 $36 {[%mdl 2048] White is pushing.} Qe5 27. Qc2 h5 28. Bf3 d5 29. Kg2 d4 30. exd4 Qxd4 31. Rc7 e5 (31... Re6 $11 {keeps the balance.}) 32. Rxa7 $16 e4 33. Be2 {[#] Threatens to win with Qc7.} Rd6 34. Re7 Rb6 $2 {[%mdl 8192]} (34... Kf8 $16 {is more resistant.} 35. Rb7 Kg7) 35. Qc7 $18 Rxb3 (35... Kh6 $18 36. Qf4+ g5) 36. Rxf7+ Kg8 37. Rxf6 (37. Bc4 $142 Qxc4 38. Qxc4 Rc3 39. Qe6 Rf3 40. Rxf6+ Kh7 41. Rxg6 Rxf2+ 42. Kxf2 e3+ 43. Kxe3 Kh8 44. Qg8#) 37... Qxf6 38. Qc4+ ({Weaker is} 38. Bc4+ Kf8 $16) 38... Qf7 39. Qxf7+ {Precision: White = 60%, Black = 39%.} 1-0

[Event "11th Mumbai Mayors Cup 2018"]
[Site "Mumbai"]
[Date "2018.06.05"]
[Round "4"]
[White "Saravana, Krishnan P"]
[Black "Amonatov, Farrukh"]
[Result "1/2-1/2"]
[WhiteElo "2359"]
[BlackElo "2605"]
[Annotator "TA"]
[PlyCount "90"]
[EventDate "2018.??.??"]
[EventType "swiss"]
[EventCountry "IND"]
[SourceTitle "playchess.com"]
[Source "ChessBase"]
[SourceQuality "1"]

{[%evp 18,90,0,-18,8,4,25,36,37,-4,35,34,39,35,45,27,96,75,115,108,99,88,197,198,256,262,254,270,261,262,266,257,331,327,334,285,273,181,186,180,194,193,150,139,146,150,138,109,184,142,218,227,223,214,220,0,199,0,217,215,498,512,470,483,601,597,610,606,535,0,0,0,0,0,613]} 1. e4 c5 2. Nf3 {[%cal Bg1f3,Bf3d4,Bd4f5][%mdl 32]} d6 {[%cal Bd7d6,Bd6d5,Bd5d4][%mdl 32]} 3. d4 cxd4 4. Nxd4 Nf6 5. Nc3 a6 6. a3 e5 {B90: Sizilianisch (Najdorf-Variante, Abweichungen)} 7. Nf5 (7. Nf3 Be7 8. Bc4 O-O 9. Bg5 Be6 10. Bxf6 Bxc4 11. Bxe7 Qxe7 12. Nd2 Be6 13. Nf1 Nd7 14. Ne3 Nf6 15. O-O Rac8 16. Qd3 Rc6 17. Rfd1 Rfc8 18. f3 g6 19. Kh1 Kg7 20. Qd2 {½-½ (20) Anand,V (2782)-Nepomniachtchi,I (2729) Riadh 2017}) 7... d5 8. Bg5 d4 9. Bxf6 gxf6 10. Nb1 {LiveBook: 4 Partien} Qa5+ $146 ({Vorgänger:} 10... Bxf5 11. exf5 Qd5 12. Qd3 Qa5+ 13. Nd2 Bb4 14. O-O-O Bxd2+ 15. Qxd2 Qxd2+ 16. Rxd2 {1-0 (40) Demchenko,A (2645)-Areshchenko,A (2652) Tbilisi 2017}) 11. Nd2 Bxf5 12. exf5 Bh6 13. b4 Bxd2+ (13... Qd5 {looks sharper.} 14. f3 Qc6 15. Ne4 Be3 16. Bd3 O-O) 14. Qxd2 Qc7 15. Bd3 Nd7 16. O-O O-O (16... h5 $11 {bleibt in der Remisbreite.}) 17. Be4 Kh8 18. Rfd1 Rfd8 19. Rab1 {[%cal Ba1b1,Bb1b3,Bb3h3,Bh3g3][%mdl 32]} Nb6 (19... a5 $16) 20. Qh6 $18 Rd6 (20... Nd7 $142 21. Qh5 Rg8) 21. Rb3 {jetzt Th3 und aus.} Rg8 22. Rh3 {[%csl Gh3][%cal Rh6h7]} Rg7 {[#]} 23. Rdd3 $1 {[%cal Rd3g3] Weiss will mit Tdg3 Matt setzen.} Qc8 24. Rhg3 {[%csl Gg3][%cal Rh6g7]} Qg8 25. Bxb7 Nc4 26. h4 Nb2 27. Rb3 Na4 28. Qd2 Rxg3 29. Rxg3 ({Minderwertig wäre} 29. fxg3 Qb8 $11) 29... Qf8 30. Qd3 Nc3 31. Qc4 e4 {zielt auf ...d3! ab.} 32. Bxa6 Qe7 (32... Rd7 $16) 33. Kh2 Rd8 (33... h5 $16) 34. Qc5 Qd7 35. Qb6 {[%cal Rb6f6]} Qe7 36. Qc5 Qd7 $1 37. Qb6 {[%cal Rb6f6]} Qe7 38. Bc4 {Lxf7! ist eine echte Drohung.} e3 $2 (38... Na4 39. Qc6 Nb2) 39. fxe3 Ne4 40. Rg4 Nf2 41. Rxd4 Rg8 42. Be2 Ne4 {[#]} 43. Bf3 $2 (43. Rxe4 $1 $18 Qxe4 44. Qxf6+ Rg7 45. Qd8+ Rg8 46. Qd4+ Qxd4 47. exd4) 43... Qe5+ $11 {Die Stellung ist ausgeglichen.} 44. Kg1 Qg3 $1 {[%cal Rg3f3]} 45. Rxe4 Qe1+ {[%mdl 32768] Precision: Weiß = 62%, Schwarz = 35%. . An unexpected result.} 1/2-1/2

[Event "11th Mumbai Mayors Cup 2018"]
[Site "Mumbai"]
[Date "2018.06.05"]
[Round "4"]
[White "Navalgund, Niranjan"]
[Black "Visakh N R"]
[Result "1/2-1/2"]
[WhiteElo "2282"]
[BlackElo "2467"]
[Annotator "TA"]
[PlyCount "112"]
[EventDate "2018.??.??"]
[EventType "swiss"]
[EventCountry "IND"]
[SourceTitle "playchess.com"]
[Source "ChessBase"]
[SourceQuality "1"]

{[%evp 25,112,0,0,-67,-43,-81,-105,-87,-58,-69,-62,-56,-57,-59,-63,-64,-51,-55,-54,-58,-56,-58,-49,-35,-30,-54,-37,-54,-45,-53,-32,-56,-43,-86,-86,-87,-85,-99,-85,-67,-60,-66,-65,-59,-39,-47,-18,-22,0,-14,-18,-12,-17,-27,0,0,96,84,85,83,94,90,150,76,84,0,106,108,116,67,65,44,51,52,38,36,87,0,0,0,0,0,0,0,0,0,0,0,0]} 1. d4 Nf6 2. c4 e6 3. Nc3 Bb4 4. e3 O-O 5. Bd3 d5 6. Nf3 c5 7. O-O dxc4 8. Bxc4 Nbd7 9. a3 cxd4 10. exd4 Bxc3 11. bxc3 b6 12. Qe2 Bb7 13. Bd3 Qc7 {LiveBook: 3 Games} 14. Bb2 {E54: Nimzo-Indian: Rubinstein: Main Line: 7...dxc4 8 Bxc4} (14. Bd2 $11) 14... Nd5 15. Qe4 $146 {[%csl Gd3][%cal Re4h7]} ({Predecessor:} 15. Qc2 N7f6 16. Ng5 h6 17. Nh3 Ng4 18. g3 Rac8 19. Qe2 Qc6 20. Qe4 {0-1 (33) Schoehuys,E (2125)-De Jong,M (2320) Groningen 2014}) 15... N7f6 16. Qe5 {Black is better.} Rac8 17. Rfc1 Nf4 18. Qxc7 Rxc7 19. Bf1 {[#]} Nh3+ $1 {[%mdl 512]} 20. gxh3 {Black must now prevent Nd2.} Bxf3 21. a4 Ne4 22. c4 Nd2 23. Ra3 {aiming for Rc2.} Bb7 24. Be2 Rfc8 {[%cal Rd2c4]} 25. Rac3 Ne4 26. R3c2 Bc6 27. Ra1 {[#]} Bd5 $1 {[%mdl 512]} 28. Rac1 (28. cxd5 Rxc2) 28... h6 29. f3 Nd6 $1 {[%cal Rd6c4]} 30. c5 Nf5 31. Ba6 Bb7 32. Be2 Ne3 33. Rd2 Nd5 {[%cal Rb6c5]} 34. Ba3 Nf4 35. Bf1 Rd8 36. Kf2 Rdc8 37. Rdd1 Ng6 38. Bb5 Ne7 39. Rd2 Nd5 40. Rdc2 {Threatens to win with c6.} a6 {[#]} (40... bxc5 $11 41. Rxc5 Rxc5 42. Bxc5 a5) 41. c6 $1 $16 {[%cal Rc6b7]} Ba8 ({Not} 41... axb5 $2 42. cxb7 Rxc2+ 43. Rxc2 $18) 42. Bxa6 Rd8 43. Bb5 Nf4 (43... f6 $142 44. h4 h5) 44. Ke3 (44. Bb4 $142) 44... Nd5+ 45. Kf2 (45. Ke2 $16) 45... f5 (45... Nf4 $11) 46. Re1 Kf7 47. Rc4 g5 48. Rec1 f4 49. a5 bxa5 50. Ra4 Rdc8 {[#]} (50... Ra7 $14) 51. Rxa5 (51. Bd6 $1 $16) 51... Bxc6 $11 {The position is equal.} 52. Bd6 Rd7 $1 {[%cal Rd7d6]} 53. Ba3 Rdc7 {...Bxb5 is the strong threat.} 54. Bd6 Rd7 $1 {[%cal Rd7d6]} 55. Ba3 Rdc7 {And now ...Bxb5 would win.} 56. Bd6 Rd7 $1 {Precision: White = 60%, Black = 65%.} 1/2-1/2

[Event "11th Mumbai Mayors Cup 2018"]
[Site "Mumbai"]
[Date "2018.06.05"]
[Round "4"]
[White "Aaryan Varshney"]
[Black "Burmakin, Vladimir"]
[Result "0-1"]
[WhiteElo "2209"]
[BlackElo "2528"]
[Annotator "TA"]
[PlyCount "70"]
[EventDate "2018.??.??"]
[EventType "swiss"]
[EventCountry "IND"]
[SourceTitle "playchess.com"]
[Source "ChessBase"]
[SourceQuality "1"]

{[%evp 19,70,63,63,47,41,36,47,29,34,34,50,45,48,41,48,21,36,23,27,30,35,24,21,2,12,7,11,0,0,0,0,-6,-6,-6,-6,-6,-8,-8,-15,-41,-8,-39,-20,-39,-39,-70,-64,-75,-40,-69,-65,-64,-21]} 1. d4 g6 2. Nf3 Bg7 3. c4 c6 4. Nc3 d6 5. g3 Bg4 6. Bg2 Qb6 7. e3 Nd7 8. h3 Bxf3 9. Bxf3 Ngf6 10. O-O O-O 11. b3 {E62: King's Indian: Fianchetto: 6...c6 and Panno Variation (6...Nc6) without ...a6} (11. Bg2 e5 12. d5 cxd5 13. Nxd5 Nxd5 14. Qxd5 Nc5 15. Rd1 Rfd8 16. Rb1 a5 17. b3 Rab8 18. Bd2 Qc7 {0-1 (61) Potkin,V (2647)-Pridorozhni,A (2512) Khanty-Mansiysk 2013}) 11... Rfe8 12. Bb2 e5 13. Qc2 {White is slightly better.} exd4 $146 ({Predecessor:} 13... h5 14. dxe5 dxe5 15. Rad1 Nc5 16. Ba3 Qa5 17. Bxc5 Qxc5 18. Ne4 Nxe4 19. Qxe4 {1-0 (53) Torres Rodriguez,J (2155)-Uribe Arteaga,D (2294) Medellin 2009}) 14. exd4 {[%cal Be3d4,Bd4d5][%mdl 32]} Nf8 15. d5 c5 16. Rfe1 a6 17. Qd2 (17. Rad1 {is interesting.} Rxe1+ 18. Rxe1 Re8 19. Re2 Qa5 20. Bc1) 17... Qa5 18. Ne4 (18. Kg2 {looks sharper.} Rxe1 19. Rxe1 Re8 20. Re2 N8d7 21. Ne4) 18... Qxd2 19. Nxd2 N8d7 20. Bg2 b5 21. Kf1 Nb6 22. Rab1 Rab8 23. Bxf6 Bxf6 24. Rxe8+ Rxe8 25. Ne4 Be7 26. cxb5 axb5 27. b4 {[#] Strongly threatening bxc5.} c4 28. Nc3 Ra8 29. Re1 Bf6 30. Nxb5 Rxa2 31. Re2 Ra4 32. Nxd6 Rxb4 {...c3 is the strong threat.} 33. Rc2 Bd4 34. Ke2 Kf8 35. Nb7 $1 c3 {[%mdl 32768] Precision: White = 55%, Black = 67%. . Loss on Time!?} 0-1

[Event "11th Mumbai Mayors Cup 2018"]
[Site "Mumbai"]
[Date "2018.06.05"]
[Round "4"]
[White "Meftahi, Houssem"]
[Black "Nguyen, Van Huy"]
[Result "1/2-1/2"]
[WhiteElo "2138"]
[BlackElo "2451"]
[Annotator "TA"]
[PlyCount "136"]
[EventDate "2018.??.??"]
[EventType "swiss"]
[EventCountry "IND"]
[SourceTitle "playchess.com"]
[Source "ChessBase"]
[SourceQuality "1"]

{[%evp 9,136,-2,0,-14,-8,-21,-24,-18,-25,-41,-34,-27,-2,-61,-22,-100,-98,-95,-98,-98,-53,-48,-60,-87,-85,-92,-94,-106,-75,-190,-118,-289,-280,-284,-145,-140,-113,-97,-87,-85,-79,-112,-62,-60,-27,-137,-127,-141,-75,-119,-32,-24,66,56,109,-5,-7,0,0,0,0,-16,0,0,0,-33,-33,-33,-36,-36,9,-23,9,9,9,9,8,0,0,0,22,0,0,0,0,0,0,0,0,0,0,0,0,0,0,0,0,0,0,0,0,0,0,0,0,0,0,0,0,0,0,0,0,0,0,0,0,0,0,0,0,0,0,0,0,0,0,0,0]} 1. c3 Nf6 2. Nf3 b6 (2... d5 3. d3 c5 4. Nbd2 Nc6 5. e4 e5 6. Be2 Be7 7. O-O O-O 8. a3 a6 9. b4 Re8 10. Bb2 Bg4 11. Re1 Qc7 12. Qc2 Rac8 13. Rac1 Qd7 14. Qb1 Bf8 15. Bf1 {½-½ (22) Miltner,A (2320)-Bulski,K (2507) Germany 2011}) 3. d3 Bb7 4. e4 d6 5. Be2 g6 $146 ({Predecessor:} 5... e6 6. O-O Nbd7 7. Re1 Be7 8. Nbd2 O-O 9. Bf1 c5 10. a4 a6 11. b4 Qc7 12. Bb2 Rac8 13. Rc1 Qb8 14. Qb3 Qa8 {½-½ (14) Miltner,A (2320)-Schenderowitsch,M (2286) Germany 2012}) 6. Bg5 {A05: Réti Opening: 1 Nf3 Nf6} Bg7 7. h3 O-O 8. Nbd2 {Black has an edge.} Nbd7 9. Nf1 c5 10. Ne3 b5 11. h4 (11. Nd2 $11) 11... Rc8 (11... h6 $5 {[%cal Rh6g5]} 12. Bxf6 Nxf6 $15) 12. Qc1 {[#]} (12. h5 $11) 12... c4 $1 $17 {[%mdl 512]} 13. dxc4 bxc4 (13... Bxe4 $6 14. cxb5 Nc5 15. O-O $14) 14. h5 Bxe4 ({Much worse is} 14... Nxh5 15. Rxh5 $1 {[%mdl 512]} gxh5 16. Nf5 $15) ({Much weaker is} 14... gxh5 $6 15. Nf5 $11) 15. hxg6 fxg6 16. Bxc4+ d5 17. Bb3 Nc5 18. Qd2 {Bxf6 would now be nice for White.} e6 (18... Qd6 {seems wilder.} 19. Bxf6 Nd3+ 20. Kf1 Bxf6 21. Kg1 e6) 19. Bd1 (19. Nd4 $17) 19... Qc7 (19... Nd3+ $19 20. Kf1 Qb6) 20. Be2 $2 (20. O-O $17) 20... Bxf3 $19 21. gxf3 {[#]} Nh5 (21... d4 $1 $19 {[%mdl 512]} 22. Ng2 (22. cxd4 $2 Nce4 $19) 22... dxc3 23. Qxc3 Nfe4) 22. Ng2 Na4 {...Rb8 is the strong threat.} 23. O-O Rb8 24. Rab1 Rb7 25. f4 Nf6 26. Qc2 {Hoping for Bxf6.} Nc5 27. Bh4 (27. Bxf6 $11 Bxf6 28. Bf3) 27... Nfe4 $17 28. Bg4 Rb6 ({Black should try} 28... Rxf4 29. f3 h5) 29. Rfe1 Qf7 (29... h5 $17 30. Bh3 Rxf4 31. Nxf4 Qxf4) 30. f3 $15 Nf6 (30... h5 $11 31. fxe4 hxg4 32. exd5 exd5) 31. Bf2 $36 {[%mdl 2048] White has good play.} Rc8 {[#]} ({Black should play} 31... Qc7 $14) 32. b4 (32. Bh3 $1 $16) 32... Nxg4 $11 33. Bxc5 Nh6 34. Bxb6 axb6 35. Qe2 Rxc3 36. Qxe6 Bd4+ 37. Kh1 Qxe6 $1 38. Rxe6 Rxf3 {[%cal Rf3h3]} 39. Rb3 Rf1+ 40. Kh2 Nf5 41. Re1 {The position is equal.} Rf2 42. Kh3 Rxa2 43. Rd1 Bf2 44. Rxd5 Ra1 {Strongly threatening ...Rh1+.} 45. Kg4 h5+ $1 46. Kf3 $1 {[%cal Rf3f2]} Nd4+ 47. Kxf2 Ra2+ 48. Kg3 Nxb3 {[%mdl 4096] Endgame KRN-KRN} 49. Rd6 Kf7 50. Rxb6 Ra3 51. Nh4 Nd4+ 52. Kg2 Ra2+ 53. Kf1 Nf5 54. Nxf5 gxf5 {KR-KR} 55. Rh6 Rh2 56. Kg1 Rh4 57. b5 {Threatens to win with b6.} Kg7 58. Rc6 {Black must now prevent Rc4.} Rxf4 59. Kg2 Rb4 60. b6 Rb3 61. Rd6 h4 62. Rc6 Kf7 63. Rh6 Kg7 64. Rc6 f4 {[%cal Bf5f4,Bf4f3][%mdl 32]} 65. Rc4 f3+ 66. Kf2 h3 67. Rh4 h2 68. Rxh2 Rxb6 {Precision: White = 48%, Black = 41%.} 1/2-1/2

[Event "11th Mumbai Mayors Cup 2018"]
[Site "Mumbai"]
[Date "2018.06.05"]
[Round "4"]
[White "Chowdhury, Sohel"]
[Black "Siva, Mahadevan"]
[Result "0-1"]
[WhiteElo "2111"]
[BlackElo "2346"]
[Annotator "TA"]
[PlyCount "76"]
[EventDate "2018.??.??"]
[EventType "swiss"]
[EventCountry "IND"]
[SourceTitle "playchess.com"]
[Source "ChessBase"]
[SourceQuality "1"]

{[%evp 35,76,-8,0,0,8,-31,-34,-18,-17,-83,-90,-78,-93,-108,-75,-91,-92,-204,-199,-178,-193,-171,-97,-253,-259,-250,-230,-283,-291,-541,-541,-523,-527,-662,-686,-852,-852,-979,-974,-944,-957,-924,-919]} 1. e4 e5 2. Nf3 Nc6 3. Bb5 a6 4. Ba4 Nf6 5. O-O Be7 6. Re1 b5 7. Bb3 d6 8. c3 O-O 9. h3 Bb7 10. d4 Re8 11. Nbd2 Bf8 12. Bc2 h6 13. a4 exd4 14. cxd4 Nb4 15. Bb1 c5 16. d5 Nd7 17. Nf1 {C92: Closed Ruy Lopez: 9...Be6, Karpov and Flohr-Zaitsev Variations} (17. Ra3 c4 18. axb5 axb5 19. Nd4 Rxa3 20. bxa3 Nd3 21. Bxd3 cxd3 22. Bb2 Nc5 23. Bc3 Qb6 24. Re3 Bc8 25. N4b3 Qa6 26. Bb4 Qa4 27. Qb1 f5 28. exf5 Rxe3 29. fxe3 Bxf5 30. Nd4 Bd7 31. N4f3 Bf5 {½-½ (31) Yu,Y (2750)-Harikrishna,P (2758) Shenzhen 2017}) 17... f5 18. exf5 Rxe1 {LiveBook: 8 Games} ({Much worse is} 18... Bxd5 $6 19. Rxe8 Qxe8 20. Bd2 $14) 19. Nxe1 {[#] The position is equal.} Nf6 $146 ({Predecessor:} 19... Nxd5 20. Ra3 Kh8 21. Nf3 N5b6 22. Re3 d5 23. Re6 d4 24. Ng5 Qc7 25. Nf7+ Kg8 26. Nxh6+ gxh6 27. Qg4+ Kh8 28. f6 Nd5 29. f7 N7f6 30. Qg6 c4 31. Bf5 {1-0 (31) Sokolov,A (2550)-Psakhis,L (2555) Riga (Latvia) 1985}) 20. Nd3 Nbxd5 21. Ng3 Qe8 22. Nf4 {[#]} (22. Ne1 $11) 22... Nxf4 $1 $17 23. Bxf4 Qc6 {[%csl Gb7][%cal Rc6g2]} 24. f3 Re8 25. axb5 axb5 26. Ne4 (26. Ra3 $17) 26... d5 $19 27. Nxf6+ Qxf6 28. Qd2 b4 (28... c4 $19 {aiming for ...d4.} 29. Kh2 d4) 29. Bd3 $2 (29. Bg3 $17 {was worth a try.}) 29... c4 30. Bf1 Bc5+ ({Don't play} 30... Qxf5 31. Be3) 31. Kh2 Qxf5 32. Ra5 $2 {[#]} (32. Bg3 {keeps fighting.}) 32... c3 $1 {[%mdl 512] Black is clearly winning.} 33. bxc3 bxc3 34. Qc1 Bf2 35. g4 Qf6 36. Kg2 Re1 37. Qc2 Bb6 38. Ra4 g5 {Precision: White = 27%, Black = 78%.} 0-1

[Event "11th Mumbai Mayors Cup 2018"]
[Site "Mumbai"]
[Date "2018.06.05"]
[Round "4"]
[White "Barath Kalyan M"]
[Black "Tran, Tuan Minh"]
[Result "0-1"]
[WhiteElo "2079"]
[BlackElo "2514"]
[Annotator "TA"]
[PlyCount "100"]
[EventDate "2018.??.??"]
[EventType "swiss"]
[EventCountry "IND"]
[SourceTitle "playchess.com"]
[Source "ChessBase"]
[SourceQuality "1"]

{[%evp 16,99,31,8,54,48,60,38,36,28,52,52,51,41,59,52,86,36,43,0,77,17,6,8,19,-48,-30,-54,-46,-43,-47,-83,-47,-47,-47,-48,-44,-70,-61,-74,-68,-81,-87,-386,-379,-700,-700,-634,-634,-681,-678,-634,-625,-597,-576,-700,-700,-695,-695,-656,-576,-811,-800,-779,-751,-1156,-1159,-1129,-1156,-1132,-994,-1984,-2052,-1926,-1549,-29985,-29986,-29991,-29992,-29992,-29993,-29994,-29995,-29996,-29997,-29999]} 1. Nf3 Nf6 2. c4 b6 3. g3 Bb7 4. Bg2 c5 5. O-O g6 6. b3 Bg7 7. Bb2 O-O 8. Nc3 Na6 9. Rc1 {LiveBook: 95 Games} Nc7 {A30: Symmetrical English: Double Fianchetto and Hedgehog} (9... e6 10. d4 d5 11. cxd5 Nxd5 12. Nxd5 {½-½ (12) Mchedlishvili,M (2605)-Fedorchuk,S (2653) Kocaeli 2015}) 10. d4 cxd4 11. Qxd4 d6 {White is slightly better.} 12. Rfd1 Rb8 $146 ({Predecessor:} 12... Rc8 13. Ne1 Bxg2 14. Nxg2 Qd7 15. Ba1 Nfd5 16. Qd2 Nxc3 17. Bxc3 Bxc3 18. Rxc3 {½-½ (26) Downey,K (1969)-Sands,D (2226) Cardiff 2014}) 13. Qd2 a6 14. Nd4 Qd7 15. e4 b5 16. cxb5 axb5 17. Nde2 b4 {[#]} (17... Rfd8 $11 {keeps the balance.}) 18. Nd5 ({White should play} 18. Na4 $1 $16) 18... Ncxd5 $11 19. exd5 Ra8 20. Qxb4 (20. Ba1 $11) 20... Rxa2 $15 21. Bxf6 Bxf6 22. Nd4 Rfa8 23. Ne6 {White wants to play Rc7.} Ba6 ({Of course not} 23... fxe6 $6 24. dxe6 Qxe6 25. Qxb7 $11) 24. Nc7 $1 {[%cal Rc7a8]} Rc8 25. Nxa6 Rxa6 26. Rc6 Ra2 $40 {[%mdl 128] White needs to defend precisely.} 27. Rdc1 Rca8 28. Qf4 Qa7 {Threatens to win with ...Bg5!} 29. R6c4 $2 {[%mdl 8192] [#]} (29. R6c2 $17) 29... Bg5 $1 $19 {[%cal Rg5f4][%mdl 512]} 30. Rc8+ $2 (30. Qf3 Bxc1 31. Rxc1) (30. Qxg5 Qxf2+) 30... Rxc8 31. Rxc8+ Kg7 32. Qf3 {[#]} Rxf2 $1 {[%mdl 512]} 33. Qxf2 Be3 34. Rc2 Qd4 35. Re2 Bxf2+ 36. Rxf2 {[%mdl 4096] Endgame KQ-KRB} Qd1+ 37. Rf1 Qxb3 38. Kh1 e5 39. dxe6 fxe6 40. Rf3 Qd1+ 41. Rf1 Qe2 42. h4 d5 43. Ra1 d4 44. Bf1 Qf2 45. Rd1 Qf3+ {Black mates.} 46. Bg2 Qxd1+ 47. Kh2 d3 48. Bh3 Qe2+ 49. Kg1 d2 50. Bxe6 d1=R# {Precision: White = 16%, Black = 65%.} (50... d1=Q# $142) 0-1

[Event "11th Mumbai Mayors Cup 2018"]
[Site "Mumbai"]
[Date "2018.06.05"]
[Round "4"]
[White "Satkar, Chirag"]
[Black "Raja Rithvik R"]
[Result "0-1"]
[WhiteElo "2040"]
[BlackElo "2296"]
[Annotator "TA"]
[PlyCount "60"]
[EventDate "2018.??.??"]
[EventType "swiss"]
[EventCountry "IND"]
[SourceTitle "playchess.com"]
[Source "ChessBase"]
[SourceQuality "1"]

{[%evp 18,60,-16,-20,21,-53,-44,-29,-31,-55,-47,-200,-223,-267,-241,-427,-435,-421,-414,-383,-402,-402,-417,-506,-527,-511,-524,-489,-352,-425,-433,-550,-547,-540,-539,-598,-593,-556,-554,-1676,-1671,-1639,387,-1570,-1474]} 1. d4 d5 2. c4 e6 3. Nc3 a6 4. Nf3 Nf6 5. Bg5 dxc4 6. e3 {D24: Queen's Gambit Accepted: 3 Nf3 Nf6 4 Nc3} b5 7. a4 c6 8. axb5 cxb5 9. Nxb5 axb5 10. Rxa8 {LiveBook: 7 Games} Bb7 11. Ra1 (11. Bxf6 $11 gxf6 12. Ra1 (12. Ra7 Bb4+ 13. Ke2 Qc7 $11)) 11... Bb4+ $15 12. Nd2 e5 13. Be2 {[#]} Qd5 $146 ({Don't play} 13... exd4 $6 14. O-O $14) ({Predecessor:} 13... exd4) 14. f3 $2 ({White should try} 14. Bf3 $15 e4 15. Bxf6 exf3 16. Qxf3 gxf6 17. Ke2) 14... exd4 $19 15. Bf4 {intending e4.} O-O {aiming for ...d3.} 16. e4 $2 {[#]} (16. O-O {was the only defense.}) 16... Nxe4 $1 {[%mdl 512] ...d3 is the strong threat.} 17. O-O (17. fxe4 Qxe4) 17... Nxd2 18. Bxd2 Bc5 19. Kh1 d3 20. Bc3 b4 21. Be1 Re8 22. Bxd3 Qxd3 23. Qxd3 cxd3 24. Bf2 Bxf2 25. Rxf2 Nd7 26. Kg1 Nc5 27. Rd1 Nb3 28. Rxd3 {[#] Hoping for Re2!} Re1+ $1 29. Rf1 Rxf1+ 30. Kxf1 {[%cal Rd3d8]} Ba6 {Precision: White = 18%, Black = 86%.} 0-1

[Event "11th Mumbai Mayors Cup 2018"]
[Site "Mumbai"]
[Date "2018.06.05"]
[Round "4"]
[White "Eesha Ajay Sarda"]
[Black "Ghosh, Diptayan"]
[Result "0-1"]
[WhiteElo "1680"]
[BlackElo "2536"]
[Annotator "TA"]
[PlyCount "56"]
[EventDate "2018.??.??"]
[EventType "swiss"]
[EventCountry "IND"]
[SourceTitle "playchess.com"]
[Source "ChessBase"]
[SourceQuality "1"]

{[%evp 19,56,70,77,55,14,19,10,10,67,62,49,-54,-58,-92,-108,-90,-93,-132,-139,-139,-136,-209,-207,-245,-250,-341,-296,-646,-654,-627,-609,-664,-526,-1599,-1601,-1696,-1690,-1670,-1600]} 1. e4 e5 2. Nf3 Nc6 3. Bc4 Nf6 4. Ng5 d5 5. exd5 Na5 6. Bb5+ c6 7. dxc6 bxc6 8. Qf3 Rb8 9. Bd3 h6 10. Ne4 {C58: Zweispringerspiel (Klassisches System)} Nd5 {[%cal Bf6d5,Bd5f4,Bf4d3][%mdl 32] LiveBook: 30 Partien} 11. Nbc3 (11. b3 {keeps more tension.} Be7 12. Qg3 O-O 13. Qxe5 Rb7 14. Bb2) (11. b3 Nf4 12. Bb2 f6 13. O-O Be7 14. Re1 O-O 15. Bf1 c5 16. Ng3 Qd7 17. Nh5 Bb7 {½-½ (62) Ganguly,S (2614)-Amin,B (2627) Abu Dhabi 2014}) 11... Nf4 12. Ng3 $146 {Die Stellung ist ausgeglichen.} ({Vorgänger:} 12. O-O Be7 13. Re1 Nxd3 14. cxd3 O-O 15. Ng3 f6 16. b3 Re8 17. Bb2 Rb4 {0-1 (49) Mester,A (2100)-Darazs,Z (2246) Budapest 2008}) 12... Nxd3+ 13. cxd3 Bc5 (13... h5 $11) 14. O-O $14 O-O 15. Re1 (15. b3 $1 $14) 15... Rb4 $1 $15 16. Re4 Bd4 $1 17. Nf5 c5 18. Re1 Bxf5 19. Qxf5 Rb6 $36 {[%mdl 2048] Schwarz hat starke Initiative.} 20. Ne4 {[#]} (20. Nd1 $17 {kämpft weiter.}) 20... Nc6 $1 $19 {[%cal Ba5c6,Bc6e7,Be7g6,Bg6h4,Bh4f3][%mdl 1056] Schwarz hat starke Kompensation.} 21. a3 {[#]} Ne7 $1 {[%cal Re7f5]} 22. Qf3 Ng6 23. Rb1 $2 (23. Rf1) 23... f5 {Schwarz steht klar auf Gewinn.} 24. Nc3 {[#]} e4 $1 {[%mdl 512]} 25. Qg3 (25. dxe4 fxe4) 25... Nh4 26. Qf4 Rg6 27. g3 Nf3+ 28. Kf1 Rg4 {Precision: Weiß = 16%, Schwarz = 88%.} 0-1